000 00528nam a22001457a 4500
008 160303b xxu||||| |||| 00| 0 eng d
050 _aBV2061.W832 2007
100 _aVischer, Lukas (ed.)
_922762
245 _aWitnessing in the Midst of a Suffering Creation
_ba challenge for the mission of the Church
_cLucas Vischer ed.
260 _aGeneva
_bCentre International Reforme John Knox
_c2007
300 _a234p. ;
_c22cm.
440 _aJohn Knox Series
_n19
_922752
650 _aMissions, Theory
_921272
942 _2lcc
_cMONOGRAPH
999 _c124316
_d124316